| 000 | 00406 a2200157 4500 | ||
|---|---|---|---|
| 003 | Nust | ||
| 005 | 20170207153552.0 | ||
| 040 | _cNust | ||
| 082 | _a005.1 | ||
| 100 | _aMaqbool, Saadia MSCS-14 | ||
| 245 |
_aCongestion detection system for urban roads od pakistan in real-time _cSaadia Maqbool, MSCS-14 |
||
| 260 |
_bMCS _cMarch 2011 |
||
| 300 | _ax, 50 p | ||
| 538 | _aT2 and Shelf No 1 | ||
| 650 | _aMSCS Thesis | ||
| 942 | _cTHS | ||
| 999 |
_c188932 _d188932 |
||